Nba 2k Youtubers - Statistics

General Stats
  • This quiz has been taken 199 times
  • The average score is 3 of 10
Answer Stats
Subs Answer % Correct
1,443,830 jesser
81%
2,144,296 cashnasty
63%
728,074 lsk
59%
3,933,084 chris smoove
48%
4,384,501 prettyboyfredo
19%
1,043,163 Gento
13%
1,545,244 qjb
13%
375,368 juiceman
2%
636,924 king shawnn
2%
875,325 imav3riq
1%
No matching quizzes found
Score Distribution
Percent of People with Each Score
Percentile by Number Answered
Your Score History
You have not taken this quiz